| 000 | 00453nam a2200157Ia 4500 | ||
|---|---|---|---|
| 005 | 20240821154657.0 | ||
| 008 | 240821s9999||||xx |||||||||||||| ||und|| | ||
| 082 | _a709 KNO | ||
| 100 | _aKnobler, Nathan | ||
| 245 | 0 | _aVisual dialogue: An introduction to the appreciation of art | |
| 250 | _a2nd ed. | ||
| 260 |
_aNew York _bHolt Rinehart & Winston Inc. _c1971 |
||
| 300 | _ax,342p | ||
| 650 | _aARTS,CRAFTS,MUSIC,SPORTS,AND RECREATIONS | ||
| 942 | _cBK | ||
| 999 |
_c75959 _d75959 |
||